000 00515nam a22001817a 4500
005 20260501122757.0
008 260501b |||||||| |||| 00| 0 eng d
020 _a9780406851604
_qhbk
041 _aeng
082 _a348.42 ALL.3
100 _aPeter Hutchesson
245 _aThe All England Law Reports
_bAll England Law Reports 1986
_cPeter Hutchesson
260 _aLondon
_bButterworths
_c1986
300 _a864p. :
_c25cm
504 _aindex
650 _aLaws, regulations & cases
942 _cENGLISH
999 _c621709
_d621709